00818nam a2200217 a 4500001001000000003000400010005001700014008004100031040002500072082002200097100003700119245005900156260004000215300002000255590002700275650005500302910003700357942001400394952017500408999001700583000030786OSt20201023105427.0110530s1962 dr r 000 0 spa d aDO-SdBNPbspacBNPHU74a345.05bS211c2221 aSánchez Cabral, Eduardo91741213aEl crimen de la herradura /cEduardo Sánchez Cabral. aSanto Domingo :bDel Caribe,c1962. a13 p. ;c24 cm. aInventariado, 2018/ YL 4aProcedimiento penalzRepública Dominicana914474 aValidado. Control de calidad MFF 2ddccLBS1 00102ddc718RVaPDbPDcHDd2011-05-30iLF1l0oBNPHU PD-RV 345.05 S211cp30786-10r2020-06-25w2020-06-25y1zPerteneció a la biblioteca personal de Martínez Boog. c30278d30278